MARC

Tag First Indicator Second Indicator Subfields
LEADER 00000cam a22000001a 4500
001 in00002939749
005 20190331192035.0
006 m o d
007 cr un mmmapmmp
008 080710s1854 dcu o f000 0 eng d
035 |a cis2004284350 
040 |a UMI  |c UMI  |d UtOrBLW 
043 |a n-us--- 
099 |a ProQuest Serial Set Number 743 H.rp.223 
110 1 |a United States.  |b Congress.  |b House.  |b Committee on Military Affairs. 
245 1 0 |a Fort Atkinson. 
246 1 |a Memorial of legislative council of New Mexico on Fort Atkinson 
264 1 |a Washington :  |b [publisher not identified],  |c 1854. 
300 |a 1 online resource. 
336 |a text  |b txt  |2 rdacontent 
337 |a computer  |b c  |2 rdamedia 
338 |a online resource  |b cr  |2 rdacarrier 
490 0 |a H.rp.223 
500 |a Record is based on bibliographic data in ProQuest U.S. Serial Set Digital Collection (last viewed July 2008). Reuse except for individual research requires license from ProQuest, LLC. 
510 3 |a ProQuest U.S. Serial Set Digital Collection 
500 |a Electronic resource. 
610 1 0 |a New Mexico.  |b Legislative Assembly.  |b Council. 
650 0 |a Military bases. 
651 0 |a New Mexico. 
655 7 |a Electronic books.  |2 local 
710 2 |a ProQuest (Firm) 
830 0 |a United States congressional serial set. 
856 4 0 |u http://proxy.library.tamu.edu/login?url=http://congressional.proquest.com/congcomp/getdoc?SERIAL-SET-ID=743+H.rp.223  |z Connect to the full text of this electronic book  |t 0 
999 |a MARS 
999 f f |s 0738d5e7-8403-3554-92eb-50e15a0fdc56  |i c9435930-5fd3-31ea-b427-3ae721e0f862  |t 0 
952 f f |a Texas A&M University  |b College Station  |c Electronic Resources  |d Available Online  |t 0  |e ProQuest Serial Set Number 743 H.rp.223  |h Other scheme 
998 f f |a ProQuest Serial Set Number 743 H.rp.223  |t 0  |l Available Online